Democracia estable ¿alcanza?: análisis de la gobernabilidad en Costa Rica /

Kaydedildi:
Detaylı Bibliyografya
Yazar: Gutiérrez Saxe, Miguel
Diğer Yazarlar: ed. Straface, Fernando ed
Materyal Türü: Metin
Baskı/Yayın Bilgisi: Washington, DC: BID
Konular:
Etiketler: Etiketle
Etiket eklenmemiş, İlk siz ekleyin!

MARC

LEADER 00000 a a2200000 04500
001 38341
003
040
020 |a 1-59782-067-9  
090 |a 0001 G984d  
100 1 |a Gutiérrez Saxe, Miguel 
245 |a Democracia estable ¿alcanza?: análisis de la gobernabilidad en Costa Rica /  |c Miguel Gutiérrez Saxe 
260 |a Washington, DC:   |b BID  
300 |a 295 p.  
650 |a POLITICA  
650 |a DESARROLLO SOCIAL  
650 |a DESCENTRALIZACION  
650 |a COSTA RICA  
700 |a ed.   |a Straface, Fernando   |a ed.  
999 |c 16541  |d 16541